Built to last (Record no. 80300)

MARC details
000 -LEADER
fixed length control field 00776cab a22001935a 4500
001 - CONTROL NUMBER
control field L143886
008 - FIXED-LENGTH DATA ELEMENTS--GENERAL INFORMATION
fixed length control field 080605e20080530xxkao f 000 0 eng d
035 ## - SYSTEM CONTROL NUMBER
System control number (Sirsi) u143886
041 0# - LANGUAGE CODE
Language code of text/sound track or separate title eng
100 1# - MAIN ENTRY--PERSONAL NAME
Personal name Farmer, Mark
245 00 - TITLE STATEMENT
Title Built to last
Remainder of title market watch 2008
260 ## - PUBLICATION, DISTRIBUTION, ETC.
Date of publication, distribution, etc. 2008
490 #0 - SERIES STATEMENT
Series statement Property Week
Volume/sequential designation 73(22) 30 May 2008, 86-87(2)
520 ## - SUMMARY, ETC.
Summary, etc. Explains how the UK residential development sector can survive the economic downturn. Provides a health checklist for the sector to recover. Argues that the future of the sector is dependent on its ability to cope with restrictions on lending, falling sales and debt legacy.
590 ## - LOCAL NOTE (RLIN)
Local note KA
651 #4 - SUBJECT ADDED ENTRY--GEOGRAPHIC NAME
Geographic name United Kingdom
Chronological subdivision
690 ## - LOCAL SUBJECT ADDED ENTRY--TOPICAL TERM (OCLC, RLIN)
Topical term or geographic name as entry element PROPERTY-RESIDENTIAL PROPERTY-RESIDENTIAL PROPERTY MARKET
942 ## - ADDED ENTRY ELEMENTS (KOHA)
Suppress in OPAC 0
Holdings
Withdrawn status Lost status Source of classification or shelving scheme Damaged status Not for loan Home library Current library Shelving location Date acquired Total Checkouts Full call number Barcode Date last seen Copy number Price effective from Koha item type
    Dewey Decimal Classification     London London Journal article 05/06/2008   L143886 143886-1001 06/08/2019 1 06/08/2019 Journal article